Sports Quiz

Random Sports or MLB Quiz
Score 0/123 Timer 15:00
7 Plays Today
Team (Year) Player % Correct
Giants (2001)Barry Bonds
97.8%
Giants (2000)Barry Bonds
97.8%
Giants (2002)Barry Bonds
97.8%
Giants (1993)Barry Bonds
97.8%
Giants (2004)Barry Bonds
97.8%
Giants (2004)Barry Bonds
97.8%
Giants (1996)Barry Bonds
97.8%
Giants (1997)Barry Bonds
97.8%
Yankees (1927)Babe Ruth
97.6%
Yankees (1921)Babe Ruth
97.6%
Yankees (1920)Babe Ruth
97.6%
Yankees (1928)Babe Ruth
97.6%
Yankees (1930)Babe Ruth
97.6%
Yankees (1926)Babe Ruth
97.6%
Yankees (1924)Babe Ruth
97.6%
Yankees (1931)Babe Ruth
97.6%
Yankees (1923)Babe Ruth
97.6%
Yankees (1932)Babe Ruth
97.6%
Cubs (2001)Sammy Sosa
95.1%
Cubs (2002)Sammy Sosa
95%
Cardinals (1998)Mark McGwire
93.6%
Cardinals (1999)Mark McGwire
93.6%
A's/Cardinals (1997)Mark McGwire
93.6%
Athletics (1996)Mark McGwire
93.6%
Phillies (2006)Ryan Howard
90.4%
Phillies (2007)Ryan Howard
90.4%
Red Sox (2006)David Ortiz
90%
Red Sox (2005)David Ortiz
90%
Senators (1969)Frank Howard
89.7%
Senators (1970)Frank Howard
89.7%
Cardinals (2009)Albert Pujols
89.3%
Cardinals (2010)Albert Pujols
89.3%
Yankees (1961)Mickey Mantle
89%
Yankees (1956)Mickey Mantle
89%
Yankees (1958)Mickey Mantle
89%
Yankees (1960)Mickey Mantle
89%
Angels (2019)Mike Trout
85%
Yankees (1934)Lou Gehrig
84.8%
Yankees (1936)Lou Gehrig
84.8%
Yankees (1927)Lou Gehrig
84.8%
Yankees (1931)Lou Gehrig
84.8%
Team (Year) Player % Correct
Yankees (1930)Lou Gehrig
84.8%
Indians (2002)Jim Thome
84.6%
Indians (2001)Jim Thome
84.6%
Phillies (2003)Jim Thome
84.6%
White Sox (2006)Jim Thome
84.6%
Phillies (2004)Jim Thome
84.6%
Indians (1997)Jim Thome
84.6%
Mariners (2000)Alex Rodriguez
83.2%
Yankees (2017)Aaron Judge
83.2%
Astros (2000)Jeff Bagwell
83%
Astros (1997)Jeff Bagwell
83%
Astros (1999)Jeff Bagwell
83%
Diamondbacks (2001)Luis Gonzalez
82.3%
Padres (2009)Adrian Gonzalez
82.2%
Braves (1999)Chipper Jones
81.6%
Blue Jays (2010)Jose Bautista
81.5%
Blue Jays (2011)Jose Bautista
81.5%
Blue Jays (2015)Jose Bautista
81.5%
White Sox (2000)Frank Thomas
81.3%
White Sox (2003)Frank Thomas
81.3%
White Sox (1993)Frank Thomas
81.3%
White Sox (1996)Frank Thomas
81.3%
White Sox (1995)Frank Thomas
81.3%
Red Sox (1949)Ted Williams
79.5%
Nationals (2015)Bryce Harper
77.5%
Phillies (1979)Mike Schmidt
75.8%
Phillies (1983)Mike Schmidt
75.8%
Brewers (2009)Prince Fielder
74.4%
Twins (1969)Harmon Killebrew
73.6%
Twins (1962)Harmon Killebrew
73.6%
Twins (1961)Harmon Killebrew
73.6%
Twins (1967)Harmon Killebrew
73.6%
Twins (1970)Harmon Killebrew
73.6%
Athletics (1932)Jimmie Foxx
70%
Red Sox (1938)Jimmie Foxx
70%
Athletics (1934)Jimmie Foxx
70%
Red Sox (1936)Jimmie Foxx
70%
Athletics (1969)Reggie Jackson
69.7%
Reds (2004)Adam Dunn
68.2%
White Sox (2012)Adam Dunn
68.2%
Reds (2007)Adam Dunn
68.2%
Team (Year) Player % Correct
Reds (2005)Adam Dunn
68.2%
Reds/D-Backs (2008)Adam Dunn
68.2%
Reds (2006)Adam Dunn
68.2%
Athletics (2000)Jason Giambi
67.9%
Yankees (2002)Jason Giambi
67.9%
Yankees (2003)Jason Giambi
67.9%
Rockies (2000)Todd Helton
66.8%
Giants (1969)Willie McCovey
65.4%
Red Sox (1970)Carl Yastrzemski
63.5%
Red Sox (1969)Carl Yastrzemski
63.5%
Astros (2019)Alex Bregman
63.2%
Astros (2002)Lance Berkman
60.6%
Tigers (1938)Hank Greenberg
60.5%
Tigers (1937)Hank Greenberg
60.5%
Reds (1972)Johnny Bench
60.3%
Blue Jays (2003)Carlos Delgado
58.3%
Blue Jays (2000)Carlos Delgado
58.3%
Rangers (2001)Rafael Palmeiro
56.5%
Rangers (2002)Rafael Palmeiro
56.5%
Giants (1929)Mel Ott
56%
Cardinals (2004)Jim Edmonds
55.8%
Cardinals (2000)Jim Edmonds
55.8%
Braves (1987)Dale Murphy
54.8%
Dodgers (2000)Gary Sheffield
54.4%
Marlins (1996)Gary Sheffield
54.4%
Mariners (1997)Jay Buhner
54%
Cubs (1930)Hack Wilson
53.5%
Devil Rays (2007)Carlos Pena
53.3%
Angels (2000)Troy Glaus
53.3%
Angels (2001)Troy Glaus
53.3%
Pirates (1949)Ralph Kiner
51.4%
Pirates (1950)Ralph Kiner
51.4%
Pirates (1951)Ralph Kiner
51.4%
Pirates (1948)Ralph Kiner
51.4%
Braves (1955)Eddie Mathews
49.8%
Braves (1954)Eddie Mathews
49.8%
Dodgers (1955)Duke Snider
47.2%
Indians (2006)Travis Hafner
42%
Tigers (1961)Norm Cash
31.6%
Braves (1973)Darrell Evans
29.3%
Tigers (1961)Rocky Colavito
23.5%

You're not logged in!

Compare scores with friends on all Sporcle quizzes.
OR
Log In

Sporcle TV

Today on Sporcle TV


Watch our educational content, quiz creation guides, and fun videos on Sporcle TV.

Show Comments

Extras

Top Quizzes Today


Score Distribution

Paid Content

Your Account Isn't Verified!

In order to create a playlist on Sporcle, you need to verify the email address you used during registration. Go to your Sporcle Settings to finish the process.

Report this User

Report this user for behavior that violates our Community Guidelines.

Details: